Tenaga (Record no. 52040)

MARC details
000 -LEADER
fixed length control field 00819nam a2200289 i 4500
001 - CONTROL NUMBER
control field C2-0236171
003 - CONTROL NUMBER IDENTIFIER
control field PPAK
005 - DATE AND TIME OF LATEST TRANSACTION
control field 20180727200040.0
008 - FIXED-LENGTH DATA ELEMENTS--GENERAL INFORMATION
fixed length control field 011001s2000 my a|||| ||||| | may d
020 ## - INTERNATIONAL STANDARD BOOK NUMBER
International Standard Book Number 9836268839
040 ## - CATALOGING SOURCE
Original cataloging agency PPAK
Language of cataloging eng
Transcribing agency PPAK
Description conventions rda
082 04 - DEWEY DECIMAL CLASSIFICATION NUMBER
Classification number 333.79
Edition number 23
090 00 - LOCALLY ASSIGNED LC-TYPE CALL NUMBER (OCLC); LOCAL CALL NUMBER (RLIN)
Classification number (OCLC) (R) ; Classification number, CALL (RLIN) (NR) 333.79
Feature heading SNE
Feature heading R
Classification number (OCLC) (R) ; Classification number, CALL (RLIN) (NR) 333.79
Feature heading SNE
Feature heading RK
100 1# - MAIN ENTRY--PERSONAL NAME
Personal name Snedden, Robert,
Relator term author
245 10 - TITLE STATEMENT
Title Tenaga
264 #1 - PRODUCTION, PUBLICATION, DISTRIBUTION, MANUFACTURE, AND COPYRIGHT NOTICE
Place of production, publication, distribution, manufacture Kuala Lumpur :
Name of producer, publisher, distributor, manufacturer Dewan Bahasa dan Pustaka ,
Date of production, publication, distribution, manufacture, or copyright notice 2000
300 ## - PHYSICAL DESCRIPTION
Extent 47 pages :
Other physical details colour illustrations ;
Dimensions 28 cm
336 ## - CONTENT TYPE
Source rdacontent
Content type term text
337 ## - MEDIA TYPE
Source rdamedia
Media type term unmediated
338 ## - CARRIER TYPE
Source rdacarrier
Carrier type term volume
490 1# - SERIES STATEMENT
Series statement Horizon sains
500 ## - GENERAL NOTE
General note Force and energy - Juvenile literature
650 10 - SUBJECT ADDED ENTRY--TOPICAL TERM
Topical term or geographic name entry element Power resources - Juvenile literature
830 #0 - SERIES ADDED ENTRY--UNIFORM TITLE
Uniform title Horizon sains
942 ## - ADDED ENTRY ELEMENTS (KOHA)
-- dc
Koha item type Book
Holdings
Withdrawn Not for loan Current library Shelving location Date acquired Full call number Barcode Date last seen Koha item type
  Not For Loan Perpustakaan Alor Setar Rujukan Kanak-kanak 31/03/2002 RK 333.79 SNE A00990741 08/05/2018 Book
  Not For Loan Perpustakaan Alor Setar Rujukan Kanak-kanak 31/03/2002 RK 333.79 SNE A00990742 08/05/2018 Book
  Not For Loan Perpustakaan Awam Sungai Petani Rujukan Kanak-kanak 31/03/2002 RK 333.79 SNE A00990743 08/05/2018 Book
  Not For Loan Perpustakaan Baling Rujukan Kanak-kanak 01/04/2003 RK 333.79 SNE A01043706 08/05/2018 Book
  Not For Loan Perpustakaan Jitra Rujukan Kanak-kanak 31/03/2002 RK 333.79 SNE A00990744 08/05/2018 Book
  Not For Loan Perpustakaan Kulim Rujukan Kanak-kanak 29/01/2003 RK 333.79 SNE A01020439 08/05/2018 Book
  Not For Loan Perpustakaan Kulim Rujukan Kanak-kanak 29/01/2003 RK 333.79 SNE A01020440 08/05/2018 Book
  Not For Loan Perpustakaan Kulim Rujukan Kanak-kanak 29/01/2003 RK 333.79 SNE A01020441 08/05/2018 Book
  Not For Loan Perpustakaan Kulim Rujukan Kanak-kanak 31/03/2002 RK 333.79 SNE A00990746 08/05/2018 Book
  Not For Loan Perpustakaan Langkawi Rujukan Kanak-kanak 31/03/2002 RK 333.79 SNE A00990745 08/05/2018 Book
  Not For Loan Perpustakaan Sik Rujukan Dewasa 23/04/2002 R 333.79 SNE A00990984 08/05/2018 Book